| 000 | 01665nam a2200325 a 4500 | ||
|---|---|---|---|
| 005 | 20240305165416.0 | ||
| 007 | cr|||| |||| | ||
| 008 | 130715s2013 sp | b|||o000 0 spa c | ||
| 017 | _aDL M. 14025-2013 | ||
| 020 | _a9788470888441 | ||
| 035 | _a11480 | ||
| 040 | _dvLex | ||
| 090 |
_c4494 _d4494 |
||
| 100 | 1 |
_aPonce Solé, Juli, _d1967- |
|
| 245 | 1 | 3 |
_aEl Derecho y la (ir) reversibilidad limitada de los derechos sociales de los ciudadanos _h[Recurso electrónico] : _blas líneas rojas constitucionales a los recortes y la sostenibilidad social / _cJuli Ponce Solé |
| 256 | _aServicio en línea | ||
| 260 |
_aMadrid : _bInstituto Nacional de Administración Pública, _c2013 |
||
| 300 | _a1 recurso electrónico | ||
| 500 | _aI Premio Internacional de Investigación Jurídica Lorenzo Martín-Retortillo Baquer sobre derechos fundamentales | ||
| 504 | _aBibliografía: p. 125-132 | ||
| 506 | 1 |
_aContenido solo disponible en los productos indicados _dvLex Global _dvLex Global (Academic Edition, excluding Law Schools) _dvLex Global (U.S. Academic Edition, Law Schools) _dvLex Global (U.S. Academic Edition, excluding Law Schools) _dvLex Global (Academic Edition, Law Schools) |
|
| 650 | 7 |
_aCrisis económicas _y2008- _zEspaña |
|
| 650 | 7 |
_aDerecho social _zEspaña |
|
| 650 | 7 |
_aDerechos civiles _zEspaña |
|
| 710 | 2 | _aInstituto Nacional de Administración Pública (Espanya) | |
| 740 | 0 | _avLex Libros (Servicio en línea) | |
| 830 | 0 | _aMonografías (Instituto Nacional de Administración Pública (Espanya)) | |
| 856 | 4 | 0 | _uhttps://app.vlex.com/#/sources/derecho-reversibilidad-limitada-derechos-sociales-ciudadanos-11480 |
| 942 | _cRAA | ||
| 999 |
_c162856 _d162856 |
||